[Event "RSA-chT U12"]
[Site "Cape Town"]
[Date "2016.01.06"]
[Round "5.2"]
[White "Mistry, Devak"]
[Black "Yu, Changrui"]
[Result "0-1"]
[WhiteElo "989"]
[BlackElo "1513"]
[PlyCount "58"]
[EventDate "2016.01.04"]
[EventType "team-tourn"]
[EventRounds "7"]
[EventCountry "RSA"]
[SourceTitle "CBM 170 Extra"]
[Source "ChessBase"]
[SourceDate "2016.02.25"]
[SourceVersion "1"]
[SourceVersionDate "2016.02.25"]
[SourceQuality "1"]
[WhiteTeam "Ekurhuleni"]
[BlackTeam "Western Province"]
[WhiteTeamCountry "RSA"]
[BlackTeamCountry "RSA"]

1. e4 c5 2. Nf3 d6 3. d4 cxd4 4. Nxd4 Nf6 5. Nc3 a6 6. Be3 Ng4 7. h3 Nxe3 8. fxe3 g6 9. Be2 Bg7 10. 0-0 0-0 11. Nd5 Nc6 12. c3 Ne5 13. b4 Nd7 14. Bc4 e6 15. Nf4 Nb6 16. Be2 e5 17. Nxg6 fxg6 18. Qb3+ Kh8 19. Rxf8+ Bxf8 20. Rf1 exd4 21. Qf7 Bd7 22. Bd1 Qe8 23. Qb3 Be6 24. Qc2 Nc4 25. Qd3 Nxe3 26. Qxd4+ Bg7 27. Qxe3 Rc8 28. Qa7 Qb5 29. Rf3 Bxc3 0-1